LEADER 01131nam2-2200385---450- 001 990003121980203316 005 20080930093708.0 010 $a3-540-40470-8 035 $a000312198 035 $aUSA01000312198 035 $a(ALEPH)000312198USA01 035 $a000312198 100 $a20080626d2003----km-y0itay50------ba 101 $aeng 102 $aDE 105 $aa---||||001yy 200 1 $aGalaxies and chaos$fG. Contopoulos, N. Voglis (Eds.) 210 $aBerlin [etc.]$cSpringer$dcopyr. 2003 215 $aXV, 441 p.$cill.$d24 cm 225 2 $aLecture notes in physics$v626 410 0$12001$aLecture notes in physics 461 1$1001000315105$12001$aLecture notes in physics 606 0 $aUniverso$xOrigine ed evoluzione 676 $a523.112 702 1$aCONTOPOULOS,$bG. 702 1$aVOGLIS,$bN. 801 0$aIT$bsalbc$gISBD 912 $a990003121980203316 951 $a530 LNP 626$b30986/CBS$c530$d00114488 959 $aBK 969 $aSCI 979 $aCBAS$b10$c20080626$lUSA01$h0813 979 $aANGELA$b90$c20080930$lUSA01$h0937 996 $aGalaxies and chaos$9473428 997 $aUNISA LEADER 01158nam--2200397---450- 001 990002214390203316 005 20050228100658.0 010 $a00131653 035 $a000221439 035 $aUSA01000221439 035 $a(ALEPH)000221439USA01 035 $a000221439 100 $a20041125d2003----km-y0enga50------ba 101 $aeng 102 $aUS 105 $aa|||z|||001yy 200 1 $aInflammations protocols$fedited by Paul G. Winyard and Derek A. Willoughby 210 $aTotowa$cHumana Press$d2003 215 $aXII, 377 p.$cill.$d23 cm 225 2 $aMethods in molecular biology$v225 410 0$12001$aMethods in molecular biology$v225 454 1$12001 461 1$1001-------$12001 606 0 $aInfiammazione 676 $a616.0473 702 1$aWINYARD,$bPaul G. 702 1$aWILLOUGHBY,$bDerek A. 801 0$aIT$bsalbc$gISBD 912 $a990002214390203316 951 $a616.0473 INF$b3962 Farm.$c616.0473$d00131653 959 $aBK 969 $aFAR 979 $aACQUISTI$b10$c20041125$lUSA01$h1243 979 $aFIORELLA$b90$c20050228$lUSA01$h1006 996 $aInflammations protocols$91031900 997 $aUNISA